000 00339nam a2200109Ia 4500
008 220615s9999||||xx |||||||||||||| ||und||
245 0 _aAssessing Rare Variation in Complex Traits
_bDesign and Analysis of Genetic Studies
546 _aEnglish[eng]
650 _agenetic studies
700 _aZeggini, Eleftheria||Morris, Andrew
942 _cEB
999 _c14206
_d14206